LEADER 00892nam a2200241 i 4500 001 991001950189707536 005 20020508184112.0 008 000220s1970 it ||| | ita 035 $ab1093702x-39ule_inst 035 $aPARLA151763$9ExL 040 $aDip.to Filosofia$bita 082 0 $a311 100 1 $aCalonghi, Luigi$0154088 245 10$aAnalisi statistica dei quesiti con gruppi estremi /$cLuigi Calonghi 260 $aFirenze :$bOrganizzazioni speciali,$c1970 300 $a118 p. ;$c24 cm. 650 4$aAnalisi statistica - Gruppi estremi 907 $a.b1093702x$b21-09-06$c28-06-02 912 $a991001950189707536 945 $aLE005IF XXX A 17$g1$i2005000109133$lle005$o-$pE0.00$q-$rl$s- $t0$u0$v0$w0$x0$y.i11043362$z28-06-02 996 $aAnalisi statistica dei quesiti con gruppi estremi$9919582 997 $aUNISALENTO 998 $ale005$b01-01-00$cm$da $e-$fita$git $h0$i1 LEADER 03375nam 22007215 450 001 9910798421303321 005 20230808194128.0 010 $a0-8232-6944-2 010 $a0-8232-6945-0 010 $a0-8232-6943-4 024 7 $a10.1515/9780823269433 035 $a(CKB)3710000000747383 035 $a(EBL)4545512 035 $a(StDuBDS)EDZ0001532335 035 $a(OCoLC)939195515 035 $a(MdBmJHUP)muse50521 035 $a(MiAaPQ)EBC4545512 035 $a(DE-B1597)555295 035 $a(DE-B1597)9780823269433 035 $a(EXLCZ)993710000000747383 100 $a20200723h20162016 fg 0 101 0 $aeng 135 $aurnn#---|un|u 181 $2rdacontent 182 $2rdamedia 183 $2rdacarrier 200 10$aTransplanting the Metaphysical Organ $eGerman Romanticism between Leibniz and Marx /$fLeif Weatherby 205 $aFirst edition. 210 1$aNew York, NY :$cFordham University Press,$d[2016] 210 4$d©2016 215 $a1 online resource (471 p.) 225 0 $aForms of Living 300 $aDescription based upon print version of record. 311 0 $a0-8232-6941-8 311 0 $a0-8232-6940-X 320 $aIncludes bibliographical references and index. 327 $tFront matter --$tContents --$tIntroduction: Romantic Organology: Terminology and Metaphysics --$tIntroduction --$t1. Metaphysical Organs and the Emergence of Life: From Leibniz to Blumenbach --$t2. The Epigenesis of Reason: Force and Organ in Kant and Herder --$t3. The Organ of the Soul: Vitalist Metaphysics and the Literalization of the Organ --$tIntroduction --$t4. The Tragic Task: Dialectical Organs and the Metaphysics of Judgment (Hölderlin) --$t5. Electric and Ideal Organs: Schelling and the Program of Organology --$t6. Universal Organs: Novalis?s Romantic Organology --$t7. Between Myth and Science: Naturphilosophie and the Ends of Organology --$t8. Technologies of Nature: Goethe?s Hegelian Transformations --$t9. Instead of an Epilogue: Communist Organs, or Technology and Organology --$tAcknowledgments --$tNotes --$tBibliography --$tIndex --$tStefanos Geroulanos and Todd Meyers, series editors 330 $aAround 1800, German romanticism developed a philosophy this study calls ?Romantic organology.? Scientific and philosophical notions of biological function and speculative thought converged to form the discourse that Transplanting the Metaphysical Organ reconstructs?a metaphysics meant to theorize, and ultimately alter, the structure of a politically and scientifically destabilized world. 410 0$aForms of living. 606 $aMetaphysics 606 $aRomanticism$zGermany 606 $aPhilosophy, German 610 $aGoethe. 610 $aHolderin. 610 $aNaturphilosophie. 610 $aNovalis. 610 $aSchelling. 610 $ahistory of biology. 610 $aidealism. 610 $ametaphysics. 610 $aorganicism. 610 $aromanticism. 615 0$aMetaphysics. 615 0$aRomanticism 615 0$aPhilosophy, German. 676 $a193 700 $aWeatherby$b Leif$4aut$4http://id.loc.gov/vocabulary/relators/aut$01502423 801 0$bDE-B1597 801 1$bDE-B1597 906 $aBOOK 912 $a9910798421303321 996 $aTransplanting the Metaphysical Organ$93730174 997 $aUNINA LEADER 01282nam0 22002771i 450 001 UON00053648 005 20231205102237.378 100 $a20020107d1976 |0itac50 ba 101 $aeng 102 $aJP 105 $a|||| 1|||| 200 1 $aAspects of Japanese discourse structure$fJohn Hinds 210 $aTokyo$ckaitakusha$d1976 215 $aVIII, 152 p.$d21 cm 606 $aLingua giapponese$xSintassi$3UONC008209$2FI 620 $aJP$dTo?kyo?$3UONL000031 686 $aGIA II C$cGiappone - Linguistica - Testi specifici$2A 700 1$aHINDS$bJohn$3UONV027799$0165936 712 $aKaitakusha$3UONV246454$4650 801 $aIT$bSOL$c20250627$gRICA 912 $aUON00053648 950 $aSIBA - SISTEMA BIBLIOTECARIO DI ATENEO$dSI DOPPI GIA II C 010 $eSI SA 42539 7 010 950 $aSIBA - SISTEMA BIBLIOTECARIO DI ATENEO$dSI GIA II C 010 $eSI SA 611 7 010 950 $aSIBA - SISTEMA BIBLIOTECARIO DI ATENEO$dSI GIA II C 010 BIS $eSI SA 9454 7 010 BIS 996 $aAspects of Japanese discourse structure$91150752 997 $aUNIOR